000 00490cam a2200205ua 4500
001 7518
005 20260515114226.0
008 141212n ii |||gr||||Z||||||ben
040 _cMAIN
041 _aben
082 _a891.443
100 _aChand, R.,
_eAuthor.
245 1 _aPurnakomva
_cBy Rani Chand
250 _a1st.
260 _aKolkatta:
_bBiswabharati,
_c1968.
300 _a215p.
653 _aEast Indo-European & Celtic literatures
653 _aBengali novels
942 _cBK
999 _c6636
_d6636